[Cinéma] Combien de films composent cette saga ? (3) - Statistiques

Statistiques générales
  • Ce quiz a été pris 1 849 fois
    1 429 depuis la dernière actualisation
  • Le résultat moyen est 9 sur 10
Statistiques - réponses
Hint Réponse % Correct
Shrek 4
100%
Die Hard 5
94%
Le Gendarme 6
91%
Expendables 4
90%
Beethoven 8
90%
Retour vers le futur 3
89%
Johnny English 3
80%
Sexy Dance 5
76%
Hellraiser 10
75%
My Girl 2
70%
Aucun quiz correspondant
Distribution des résultats
% des personnes avec chaque résultat
Percentile par nombre de réponses
Votre historique - résultats
Vous n’avez pas pris ce quiz depuis la dernière actualisation